Mots finissant par un "B" de A à Z - Statistiques

Statistiques générales
  • Ce quiz a été pris 58 fois
    41 depuis la dernière actualisation
  • Le résultat moyen est 13 sur 20
Statistiques - réponses
Première lettre Définition Mot % Correct
B Arbre d'Afrique tropicale, à tronc énorme. {Baoba}b
97%
J Emploi rémunéré peu qualifié et provisoire. {Jo}b
95%
K Plat oriental composé de brochettes de viande, généralement de mouton, rôties à feu vif et fortement épicées. {Kéba}b
95%
L Coup qui consiste à faire passer la balle ou le ballon au-dessus de son adversaire. {Lo}b
92%
F Association, club d'admirateurs (d'une vedette). {Fan-clu}b
87%
T Terme d'argot militaire venu du Maghreb pour désigner un docteur. {Toubi}b
87%
V Boutique qui vend ou loue des enregistrements vidéo. {Vidéoclu}b
84%
W Système hypermédia permettant d'accéder aux ressources du réseau Internet. {We}b
84%
Z Mot familier pour désigner le sexe masculin. {Zo}b
84%
P Métal très pesant, d'un gris bleuâtre. {Plom}b
82%
H Voile qui couvre les cheveux, les oreilles et le cou, porté par de nombreuses musulmanes. {Hija}b
74%
S Personne qui admire et imite tout ce qui est à la mode dans les milieux jugés distingués. {Sno}b
74%
I Se dit d'une compétition qui se joue entre différents clubs. {Interclu}b
71%
N Dans l'Inde musulmane, gouverneur, grand officier. {Naba}b
61%
C Véhicule à deux roues, fermé de trois côtés, avec un siège surélevé à l'arrière pour le cocher. {Ca}b
55%
D Mouvement qui consiste à placer sa tête au niveau du creux du coude, les bras parallèles levés à l'oblique vers le ciel. {Da}b
50%
A État d'équilibre d'un corps, d'un objet vertical. {Aplom}b
47%
R Entretien, réparation de la coque d'un navire. {Radou}b
24%
G Petite antilope africaine fauve et blanche, aux cornes (chez le mâle seulement) fortement spiralées. {Gui}b
5%
M Epice aromatique se présentant sous forme d'amande, contenue dans une petite cerise sauvage et noire du bois de Sainte Lucie. {Mahale}b
0%
Aucun quiz correspondant
Distribution des résultats
% des personnes avec chaque résultat
Percentile par nombre de réponses
Votre historique - résultats
Vous n’avez pas pris ce quiz depuis la dernière actualisation